Aspectos históricos de los colegios y asociaciones veterinarias (Record no. 94114)

MARC details
000 -LEADER
campo de control de longitud fija 00881nam a2200205 i 4500
001 - NÚMERO DE CONTROL
campo de control 94114
003 - IDENTIFICADOR DE NÚMERO DE CONTROL
campo de control ES-MaACL
005 - FECHA Y HORA DE LA ÚLTIMA TRANSACCIÓN
campo de control 20230906181412.0
007 - CAMPO FIJO DE DESCRIPCIÓN FÍSICA--INFORMACIÓN GENERAL
campo de control de longitud fija t|
008 - DATOS DE LONGITUD FIJA--INFORMACIÓN GENERAL
campo de control de longitud fija 050621s2004 sp ||||1| spa d
080 ## - NÚMERO DE LA CLASIFICACIÓN DECIMAL UNIVERSAL
Número de la Clasificación Decimal Universal 636.09:061.231(091)
100 1# - ENTRADA PRINCIPAL--NOMBRE DE PERSONA
Nombre de persona Moraleda Benítez, Manuel.
9 (RLIN) 82959
245 10 - MENCIÓN DEL TÍTULO
Título Aspectos históricos de los colegios y asociaciones veterinarias
Resto del título : discurso pronunciado en su toma de posesión como académico de honor ... Manuel Moraleda Benítez, discurso de contestación del académico de número ... Tomás Pérez García.
260 ## - PUBLICACIÓN, DISTRIBUCIÓN, ETC.
Lugar de publicación, distribución, etc. Madrid :
Nombre del editor, distribuidor, etc. Instituto de España :
-- Real Academia de Ciencias Veterinarias,
Fecha de publicación, distribución, etc. 2004.
300 ## - DESCRIPCIÓN FÍSICA
Extensión 62 p. ;
Dimensiones 24 cm.
700 1# - ENTRADA AGREGADA--NOMBRE PERSONAL
Nombre de persona Pérez García, Tomás.
9 (RLIN) 90897
710 2# - ENTRADA AGREGADA--NOMBRE DE ENTIDAD CORPORATIVA
Nombre de entidad corporativa o nombre de jurisdicción como elemento de entrada Instituto de España.
9 (RLIN) 4873
710 2# - ENTRADA AGREGADA--NOMBRE DE ENTIDAD CORPORATIVA
Nombre de entidad corporativa o nombre de jurisdicción como elemento de entrada Real Academia de Ciencias Veterinarias de Madrid.
9 (RLIN) 6300
852 ## - LOCALIZACIÓN
Ubicación ES-MaACL
Número de control de estantería L-29204
Sublocalización o colección R.135872
Holdings
Estatus retirado Estado de pérdida Estado de daño No para préstamo Biblioteca de origen Biblioteca actual Ubicación en estantería Fecha de adquisición Fuente de adquisición Total de préstamos Signatura topográfica completa Código de barras Visto por última vez Precio de reemplazo Tipo de ítem Koha
        Biblioteca del Ateneo de Madrid Biblioteca del Ateneo de Madrid Depósito 2 17/01/2008     L-29204 1098294 23/02/2023 23/02/2023 Libro impreso